Popularne zagraniczne piosenki w Polsce. 25.06-01.07 Spotify - Statystyki

Ogólne statystyki
  • Ten quiz został rozwiązany 8 razy
  • Średni wynik to 8 z 30
Statystyki odpowiedzi
Wykonawca Odsłuchania Utwór % Poprawnych
Maneskin 1.33M I WANNA BE YOUR SLAVE
83%
Olivia Rodrigo 240K deja vu
67%
Olivia Rodrigo 593K good 4 u
67%
Dua Lipa, DaBaby 437K Levitating
67%
The Weeknd, Ariana Grande 317K Save Your Tears (Remix)
67%
Harry Styles 225K Watermelon Sugar
67%
Maneskin 872K Beggin'
50%
The Weeknd 251K Blinding Lights
50%
Olivia Rodrigo 220K drivers license
50%
Ed Sheeran 582K Bad Habits
33%
Doja Cat, SZA 333K Kiss Me More
33%
Lil Nas X 431K MONTERO (Call Me By Your Name)
33%
Justin Bieber, Daniel Caesar, Giveon 302K Peaches
33%
Maneskin 744K ZITTI E BUONI
33%
Masked Wolf 369K Astronaut In The Ocean
17%
Maneskin 312K CORALINE
17%
Doja Cat, The Weeknd 261K You Right
17%
Joel Corry, RAYE, David Guetta 212K BED
0%
Imagine Dragons 292K Follow You
0%
Surf Curse 231K Freaks
0%
Riton, Nightcrawlers, Mufasa, Hypeman 556K Friday
0%
Joel Corry, MNEK 236K Head & Heart
0%
Justin Wellington, Small Jam 232K Iko Iko (My Bestie)
0%
Tom Grennan 335K Little Bit of Love
0%
Majestic, Boney M. 351K Rasputin
0%
OneRepublic 275K Run
0%
Tiesto 287K The Business
0%
Ofenbach, Lagique 252K Wasted Love
0%
Toby Romeo, Felix Jaehn, FAULHABER 265K Where The Lights Are Low
0%
ATB, Topic, A7S 294K Your Love (9PM)
0%
Nie znaleziono quizów pasujących do podanych kryteriów
Rozkład punktacji
Procent ludzi z każdym wynikiem
Percentyl według liczby udzielonych odpowiedzi
Twoja historia wyników
Nie rozwiązałeś tego quizu